000 00505nam a22001817a 4500
005 20260210154710.0
008 260210b |||||||| |||| 00| 0 eng d
020 _a9788126938629
041 _aeng
082 _a658.406
_bMAI B22766
100 _aMaital S
245 _aInnovation Management:
_bStrategies, Concepts and Tools for Growth and Profit
260 _aNew Delhi
_bAtlantic
_c2024
300 _a491p
500 _aInnovation Management
700 _aSeshadri D.V.R.
_9216705
942 _cRF
999 _c370401
_d370401